Leopard Countries II Quiz Stats

 Plays Quiz not verified by Sporcle

Challenge
Share
Tweet
Embed
Score 0/27 Timer 05:00
0 Plays Today
% Correct
China
97.8%
China
97.8%
Russia
95.9%
India
95.3%
India
95.3%
Pakistan
92.6%
Nepal
91.8%
Nepal
91.8%
Afghanistan
90.4%
Thailand
90%
Vietnam
89.6%
Kazakhstan
89.4%
Indonesia
89%
Laos
88.8%
% Correct
Bhutan
87.9%
Bhutan
87.9%
Mongolia
87.3%
Myanmar
87.1%
Cambodia
86.9%
Malaysia (Only on the mainland)
86.5%
Malaysia (Only on the islands)
86.5%
Uzbekistan
85.5%
Bangladesh
84.9%
Tajikistan
82.6%
Kyrgyzstan
80.4%
Brunei
66.9%
Taiwan
52.6%

You're not logged in!

Compare scores with friends on all Sporcle quizzes.
Join for Free
OR
Log In

You Might Also Like...

Show Comments

Extras

Created Jan 2, 2011SourceReportNominate
Tags:Animal Quiz

Top Quizzes Today


Score Distribution

Your Account Isn't Verified!

In order to create a playlist on Sporcle, you need to verify the email address you used during registration. Go to your Sporcle Settings to finish the process.

Report this User

Report this user for behavior that violates our Community Guidelines.

Details: